Nostromo : a tale of the seaboard

Αποθηκεύτηκε σε:
Λεπτομέρειες βιβλιογραφικής εγγραφής
Κύριος συγγραφέας: Conrad, Joseph, 1857-1924
Μορφή: Βιβλίο
Γλώσσα:English
Δημοσίευση: London : Penguin, 2001.
Σειρά:Penguin classics
Θέματα:
Ετικέτες: Προσθήκη ετικέτας
Δεν υπάρχουν, Καταχωρήστε ετικέτα πρώτοι!

MARC

LEADER 00000cam a2200000 i 4500
001 1/21314
008 120626s2001 enk| ||| |||| ||eng||
020 |a 0141183098 
035 |l 10112851 
040 |a GR-MyUA  |b gre  |e AACR2 
041 0 |a eng 
082 0 |a 823  |2 (22) 
100 1 |a Conrad, Joseph,   |d 1857-1924. 
245 1 0 |a Nostromo :   |b a tale of the seaboard /   |c Joseph Conrad ; edited with an introduction and notes by Martin Seymour-Smith.  
260 |a London :   |b Penguin,   |c 2001.  
300 |a 474 σ. ;   |c 20 εκ.  
490 1 |a (Penguin classics)  
650 0 0 |a English fiction  |y 20th century. 
767 0 8 |i Μεταφρασμένο ως:   |t Νοστρόμο :  
830 0 |a Penguin classics 
852 |a INST  |b SYROS  |e 20120626  |h 823 CON  |p 005500010357  |q 005500010357  |t BK  |y 0 
901 |a BIBL5-2012-1 
909 |a Ε  |b 173802 
970 |a ΤΣΟΥΚΑΛΑ  |b ΑΛΙΚΗ  |z 2012/06/26